Crisis

Bibliographic Details
Main Author: Alias Ali
Format: Book
Language:English
Published: Kuala Lumpur : Dewan Bahasa Dan Pustaka, Ministry Of Education Malaysia , 1980
Subjects:

MARC

LEADER 00000cam a2200000 7i4500
001 0000113656
005 20150406.0
008 150406 eng
090 0 0 |a F ALI 
100 1 |a Alias Ali 
245 1 0 |a Crisis 
260 |a Kuala Lumpur :   |b Dewan Bahasa Dan Pustaka, Ministry Of Education Malaysia ,   |c 1980 
300 |a 245p ;   |c 18cm. 
650 0 0 |a Fiction 
999 |a 0000327181   |b Buku   |c Rak Terbuka   |e Perpustakaan Cawangan Jasin